000 00660nam a2200217Ii 4500
003 JO-AjNU
008 230605s9999||||xx |||||||||||||| ||und||
017 _a1995/7/762
040 _aJO-AjNU
_bara
_erda
_cJO-AjNU
041 _aara
050 1 4 _aPJ7860.A53.A15 1995
100 3 _aتأليف الرشيد،محمد طلال,
_eauthor
_915683
245 0 0 _aخيوط الزعفران وقصص أخرى
250 _aط1
264 3 1 _aعمان:دار البشير،1995
300 _a247ص
336 _atext
_btxt
_2rdacontent
337 _aunmediated
_bn
_2rdamedia
338 _avolume
_bnc
_2rdacarrier
650 4 _aالأدب العربي - قصص
_915684
999 _aA4486
_c8054
_d8054